书目信息 |
| 题名: |
国外优良草本植物在黄土高原引种的适应性与生态经济价值
|
|
| 作者: | 胡建忠 著 | |
| 分册: | ||
| 出版信息: | 北京 中国环境科学出版社 2004 |
|
| 页数: | 321页 | |
| 开本: | 21cm | |
| 丛书名: | 北京林业大学优秀博士论文基金资助丛书 | |
| 单 册: | ||
| 中图分类: | S812.8 | |
| 科图分类: | ||
| 主题词: | 草本植物 , 引种 , 畜牧学 | |
| 电子资源: | ||
| ISBN: | 7-80163-845-X | |
| 000 | 01133oam2 2200301 450 | |
| 001 | 002793259 | |
| 005 | 20061101164948.82 | |
| 010 | @a7-80163-845-X@dCNY20.00 | |
| 100 | @a20050104d2004 kemy0chiy0110 ea | |
| 101 | 0 | @achi |
| 102 | @aCN@b110000 | |
| 105 | @aa z 000yy | |
| 200 | 1 | @a国外优良草本植物在黄土高原引种的适应性与生态经济价值@9guo wai you liang cao ben zhi wu zai huang tu gao yuan yin zhong de shi ying xing yu sheng tai jing ji jia zhi@f胡建忠著 |
| 210 | @a北京@c中国环境科学出版社@d2004 | |
| 215 | @a321页@c图@d21cm | |
| 225 | 2 | @a北京林业大学优秀博士论文基金资助丛书 |
| 308 | @a丛书第二辑 | |
| 330 | @a本书对黄土高原地区生态环境建设中,草本植物的重要性进行了探讨。围绕草本植物引进后的适应问题;如何应用适宜技术集约栽培问题;如何充分开发引进植物的生态经济价值问题进行了研究。 | |
| 461 | 0 | @12001 @a北京林业大学优秀博士论文基金资助丛书 |
| 606 | 0 | @a草本植物 |
| 606 | 0 | @a引种 |
| 606 | 0 | @a畜牧学 |
| 607 | @a黄土高原 | |
| 607 | @a黄土高原@x草本植物@x引种@x研究 | |
| 690 | @aS812.8@v4 | |
| 701 | 0 | @a胡建忠@9hu jian zhong@f(1962~)@4著 |
| 801 | 0 | @aCN@bNLC@c20061101 |
| 905 | @a10447@dS812.8@e53 | |
| 国外优良草本植物在黄土高原引种的适应性与生态经济价值/胡建忠著.-北京:中国环境科学出版社,2004 |
| 321页:图;21cm.-(北京林业大学优秀博士论文基金资助丛书) |
| ISBN 7-80163-845-X:CNY20.00 |
| 本书对黄土高原地区生态环境建设中,草本植物的重要性进行了探讨。围绕草本植物引进后的适应问题;如何应用适宜技术集约栽培问题;如何充分开发引进植物的生态经济价值问题进行了研究。 |
| ● |
| 相关链接 |
|
|
|
|
正题名:国外优良草本植物在黄土高原引种的适应性与生态经济价值
索取号:S812.8/53
 
预约/预借
| 序号 | 登录号 | 条形码 | 馆藏地/架位号 | 状态 | 备注 |
| 1 | 0387596 | 203875967 | 第二样本阅览室/ [索取号:S812.8/53] | 在馆 | |
| 2 | 0387597 | 203875976 | 密集书库/ [索取号:S812.8/53] | 在馆 | |
| 3 | 0387598 | 203875985 | 第三借阅区/ [索取号:S812.8/53] | 在馆 | |
| 4 | 0387599 | 203875994 | 第三借阅区/ [索取号:S812.8/53] | 在馆 | |
| 5 | 0387600 | 203876001 | 密集书库/ [索取号:S812.8/53] | 在馆 |